00404cam a22001337a 4500008004000000082001800040100002200058245008400080260002800164300001000192650002200202650002400224650002200248180718b1961 xxu||||| |||| 00| 0 eng d aN11x597 T156c aTanham, George K. aCommunist revolutionary warfare: the Vietminh in Indochinacby George K. Tanham aNew YorkbPraegerc1961 a166p. aVietnam --History aCommunism --Vietnam aGuerrilla warfare